000 00322nam a22001337a 4500
008 181009b xxu||||| |||| 00| 0 eng d
020 _a9780691086262
041 _aeng
080 _a101
100 _a24
101 _aFIL
245 _aOpinion and Reform in Hume's Political Philosophy
_cStewart, .J.B
942 _2udc
_cBK
999 _c49130
_d49130